|
|
|
|
| LEADER |
02378nam a2200349 a 4500 |
| 001 |
28903 |
| 003 |
BD-DhAAL |
| 005 |
20231010120240.0 |
| 008 |
150225s1988 ii 000 1 ben d |
| 020 |
|
|
|a 8170661234
|
| 020 |
|
|
|a 9847014800056
|
| 020 |
|
|
|a 9789847840116
|
| 040 |
|
|
|a BD-DhAAL
|c BD-DhAAL
|
| 082 |
0 |
0 |
|a 891.44
|2 23
|
| 100 |
2 |
|
|a গঙ্গোপাধ্যায়, সুনীল
|9 8779
|
| 245 |
0 |
0 |
|a পূর্ব-পশ্চিমঃ
|n প্রথম খণ্ড /
|c সুনীল গঙ্গোপাধ্যায়
|
| 250 |
|
|
|a প্রথম সংস্করণ.
|
| 260 |
|
|
|a কলকাতা :
|b আনন্দ পাবলিশার্স ;
|a ঢাকা :
|b জ্যোৎস্না পাবলিশার্স,
|c ১৯৮৮ [তৃতীয় মুদ্রণ ২০১৯] .
|
| 300 |
|
|
|a ৩০৮ পৃষ্ঠা,
|a ৭২৬ পৃষ্ঠা,
|a ৭৫৪ পৃষ্ঠা ;
|c ২৩ সে.মি.
|
| 362 |
|
|
|a Vol. 1
|
| 526 |
|
|
|a GenEd, BIED
|
| 541 |
1 |
|
|a Donated By Akbar Ali Khan, Development Book Agency, Complimentary copy from BIED
|e 28903, 38132, 40716, 40717, 41879
|
| 650 |
|
0 |
|a Bengali fiction.
|9 6008
|
| 650 |
|
0 |
|a Bengali literature.
|
| 852 |
|
|
|a Ayesha Abed Library
|c General Stacks
|
| 942 |
|
|
|2 ddc
|c BK
|
| 999 |
|
|
|c 33793
|d 33793
|
| 952 |
|
|
|0 0
|1 0
|2 ddc
|4 0
|6 891_440000000000000_GAN
|7 0
|9 52774
|a BRACUL
|b BRACUL
|c GEN
|d 2015-02-25
|e BRAC Institute of Language (BIL)
|l 3
|m 25
|o 891.44 GAN
|p 3010028903
|r 2025-07-07
|s 2025-06-30
|t 1
|w 2015-02-25
|y BK
|x Transferred from BIL to BRACUL on 06/06/22
|
| 952 |
|
|
|0 0
|1 0
|2 ddc
|4 0
|6 891_440000000000000_GAN
|7 1
|9 70189
|a BRACUL
|b BRACUL
|c AAKC
|d 2022-03-20
|e Donated by Akbar Ali Khan
|l 0
|o 891.44 GAN
|p 3010038132
|r 2022-03-20
|t 2
|w 2022-03-20
|y BK
|
| 952 |
|
|
|0 0
|1 0
|2 ddc
|4 0
|6 891_440000000000000_GAN
|7 0
|9 73122
|a SCL
|b SCL
|c GEN
|d 2023-02-07
|e Development Book Agency
|g 850.00
|l 0
|o 891.44 GAN
|p 3020040717
|r 2023-02-07
|t 4
|v 425.00
|w 2023-02-07
|y BK
|
| 952 |
|
|
|0 0
|1 0
|2 ddc
|4 0
|6 891_440000000000000_GAN
|7 0
|9 73123
|a SCL
|b SCL
|c GEN
|d 2023-02-07
|e Development Book Agency
|g 850.00
|l 2
|m 8
|o 891.44 GAN
|p 3020040716
|r 2025-10-22
|s 2025-10-15
|t 3
|v 425.00
|w 2023-02-07
|y BK
|
| 952 |
|
|
|0 0
|1 0
|2 ddc
|4 0
|6 891_440000000000000_GAN
|7 0
|9 74551
|a BRACUL
|b BRACUL
|c GEN
|d 2023-10-10
|e Complimentary copy from BIED
|g 200.00
|l 6
|m 38
|o 891.44 GAN
|p 3010041879
|r 2026-05-11
|s 2026-04-23
|t 5
|w 2023-10-10
|y BK
|x Transferred from BIED to General Stacks
|